banner-ar

الانتاج التليفزيونى وفنون الاخراج / (Record no. 35771)

MARC details
000 -الفاتح
حقل البيانات ثابتة الطول 00637nam a2200205Ia 4500
008 - عناصر البيانات ثابتة الطول - معلومات عامة
حقل البيانات ثابتة الطول 140319s9999 xx 000 0 ara d
040 ## - مصدر الفهرسة
وكالة الفهرسة الأصلية GCL /
وكالة النسخ GCL
082 04 - رقم تصنيف ديوى العشرى
رقم التصنيف 001.553
رقم المادة ك ا
100 1# - المدخل الرئيسى - إسم شخصى
الإسم الشخصى كرم شلبى
245 10 - بيان العنوان
العنوان الانتاج التليفزيونى وفنون الاخراج /
بيان المسئوليه,etc كرم شلبى
300 ## - الوصف المادى
التعداد 399 ص
490 ## - بيان السلسلة
عنوان السلسلة
650 04 - المدخل الاضافى بالموضوع-مصطلح موضوعى
مصطلح موضوعي الاعلان
650 04 - المدخل الاضافى بالموضوع-مصطلح موضوعى
مصطلح موضوعي الاخراج التليفزيونى
650 04 - المدخل الاضافى بالموضوع-مصطلح موضوعى
مصطلح موضوعي الانتاج التليفزيونى
650 04 - المدخل الاضافى بالموضوع-مصطلح موضوعى
مصطلح موضوعي الاعلان بالتلفزيون
942 ## - عناصر المدخل الإضافي( كوها)
مصدر التصنيف او مخطط الترفيف Dewey Decimal Classification
Koha [default] item type كتاب
260 ## - PUBLICATION, DISTRIBUTION, ETC. (IMPRINT)
-- [S.N] :
-- مكتبة التراث الاسلامى
Holdings
حالة التراجع حالة الفقد حالة تلف ليس للاعارة المكان المؤقت الموقع الحالى تاريخ الاكتساب اجمالي اﻻعارات رقم الطلب الباركود تاريخ اخر مشاهدة تاريخ تفعيل السعر نوع وعاء كوها
        مكتبة القاهرة الكبرى مكتبة القاهرة الكبرى 03/26/2014   001.553\ك ا 87153 03/26/2014 03/26/2014 كتاب

Powered By

EGPV